000 00195nam a22000977a 4500
041 _aENG
245 _aShari Bhumi mi Dhan utpadan
260 _aDelhi
_bGAE
_c1986
650 _aGAE
856 _uGAE
999 _c2632
_d2632